Manos violentas, palabras vedadas (Record no. 185446)

MARC details
000 -LEADER
campo de control de longitud fija 00905nam a2200253 i 4500
001 - NÚMERO DE CONTROL
campo de control 185446
003 - IDENTIFICADOR DE NÚMERO DE CONTROL
campo de control SpMaBN
005 - FECHA Y HORA DE LA ÚLTIMA TRANSACCIÓN
campo de control 20250813055708.0
008 - DATOS DE LONGITUD FIJA--INFORMACIÓN GENERAL
campo de control de longitud fija 160606s1992 sp |||| | spa d
020 ## - NÚMERO INTERNACIONAL ESTÁNDAR DEL LIBRO
Número Internacional Estándar del Libro 84-306-0216-X
080 ## - NÚMERO DE LA CLASIFICACIÓN DECIMAL UNIVERSAL
Número de la Clasificación Decimal Universal 343.632(460.18)"12/14"
100 1# - ENTRADA PRINCIPAL--NOMBRE DE PERSONA
Nombre de persona Madero, Marta.
9 (RLIN) 159776
245 10 - MENCIÓN DEL TÍTULO
Título Manos violentas, palabras vedadas
Resto del título : la injuria en Castilla y León (siglos XIII-XV) /
Mención de responsabilidad, etc. Marta Madero ; prólogo de Jacques le Goff.
260 ## - PUBLICACIÓN, DISTRIBUCIÓN, ETC.
Lugar de publicación, distribución, etc. Madrid :
Nombre del editor, distribuidor, etc. Taurus,
Fecha de publicación, distribución, etc. [1992]
300 ## - DESCRIPCIÓN FÍSICA
Extensión 225 p. ;
Dimensiones 21 cm.
490 1# - MENCIÓN DE SERIE
Mención de serie Humanidades ;
Designación de volumen o secuencia 341.
Mención de serie Historia
500 ## - NOTA GENERAL
Nota general Índice.
504 ## - NOTA DE BIBLIOGRAFÍA, ETC.
Nota de bibliografía, etc. Bibliografía: p. 205-221.
650 #7 - PUNTO DE ACCESO ADICIONAL DE MATERIA--TÉRMINO DE MATERIA
Término de materia o nombre geográfico como elemento de entrada Injuria-
Subdivisión geográfica Castilla (Reino)-
Subdivisión de forma Historia.
9 (RLIN) 159777
700 1# - ENTRADA AGREGADA--NOMBRE PERSONAL
Nombre de persona Le Goff, Jacques.
9 (RLIN) 70884
830 00 - PUNTO DE ACCESO ADICIONAL DE SERIE-TÍTULO UNIFORME
Título uniforme Humanidades (Taurus).
Nombre de parte o sección de la obra Historia
Designación de volumen o secuencia 341.
9 (RLIN) 177933
852 ## - LOCALIZACIÓN
Ubicación ES-MaACL
Número de control de estantería L-30330
Nota libre . - Donat. Miguel A. Velasco
Holdings
Estatus retirado Estado de pérdida Estado de daño No para préstamo Biblioteca de origen Biblioteca actual Ubicación en estantería Fecha de adquisición Fuente de adquisición Total de préstamos Signatura topográfica completa Código de barras Visto por última vez Precio de reemplazo Tipo de ítem Koha
        Biblioteca del Ateneo de Madrid Biblioteca del Ateneo de Madrid Depósito 2 06/06/2016     L-30330 1195383 23/02/2023 23/02/2023 Libro impreso